000 00573nam a2200181Ia 4500
003 GCL
008 140319s9999 xx 000 0 ara d
040 _aGCL /
_cGCL
082 0 4 _a329.02569
_bن ا
100 1 _aنصر شمالى
245 1 0 _aالاحزاب والكتل السياسية فى اسرائيل /
_cنصر شمالى
700 1 _aهشام الدجانى
300 _a152 ص
490 _aالهيئة العامة للاستعلامات
_v0
650 0 4 _aالسياسة
650 0 4 _aاسرائيل - الاحزاب السياسية
942 _2ddc
_cBK
999 _c48899
_d48899